000 00674nam a2200253Ia 4500
003 OSt
005 20220918163413.0
006 a|||||r|||| 00| 0
007 ta
008 220917b |||||||| |||| 00| 0 eng d
020 _a0 7100 7319 4
024 _a33,649
037 _cTextual
040 _aARTS
_cARTS
_beng
041 _2eng
_aeng
082 _aO111,2:g(/\), L2;1
100 _aWoolf Rosemary
_912968
245 0 _aEnglish mystery plays
260 _aLondon
_bRoutledge & Kegan Paul UK
_c1972
300 _a437p.
_ccm.
650 _aENGLISH LITERATURE
942 _hO111,2:g(/\), L2;1
_cTEXL
_2CC
999 _c119381
_d119381